The scientific papers of J. willard gibbs. (Record no. 29699)

000 -LEADER
fixed length control field 00576 a2200169 4500
020 ## - INTERNATIONAL STANDARD BOOK NUMBER
International Standard Book Number 0918024773
020 ## - INTERNATIONAL STANDARD BOOK NUMBER
International Standard Book Number 9780918024770
082 ## - DEWEY DECIMAL CLASSIFICATION NUMBER
Classification number 530
090 ## - LOCALLY ASSIGNED LC-TYPE CALL NUMBER (OCLC); LOCAL CALL NUMBER (RLIN)
-- 1082
-- 1082
100 1# - MAIN ENTRY--PERSONAL NAME
Personal name Gibbs, J. Willard.
245 14 - TITLE STATEMENT
Title The scientific papers of J. willard gibbs.
Number of part/section of a work Vol. 1 :
Remainder of title thermodynamics /
Statement of responsibility, etc. J. Willard Gibbs.
260 ## - PUBLICATION, DISTRIBUTION, ETC.
Place of publication, distribution, etc. [S.l.] :
Name of publisher, distributor, etc. Ox Bow Pr,
Date of publication, distribution, etc. 1993.
300 ## - PHYSICAL DESCRIPTION
Extent 1 p. ;
Dimensions 23 cm.
700 ## - ADDED ENTRY--PERSONAL NAME
Personal name Gibbs, J. Willard.
942 ## - ADDED ENTRY ELEMENTS (KOHA)
Institution code [OBSOLETE] SNS
Koha item type Book
Call number prefix 530 GIB
Holdings
Withdrawn status Lost status Damaged status Not for loan Permanent Location Current Location Date acquired Total Checkouts Full call number Barcode Date last seen Price effective from Koha item type
        School of Natural Sciences (SNS) School of Natural Sciences (SNS) 05/26/2016   530 GIB SNS0001659 05/26/2016 05/26/2016 Book
© 2023 Central Library, National University of Sciences and Technology. All Rights Reserved.